Loading...
| Science - Chemistry | 1 | 6 | 1 | 0 | 70 | 56 | 102.43 | 1 | 3 | 0.00 | 0.00 |
| Science - Other | 1 | 4 | 1 | 0 | 50 | 56 | 83.00 | 1 | 4 | 0.00 | 0.00 |
| Science - Biology | 0 | 6 | 3 | 1 | 45 | 77 | 103.33 | 1 | 2 | 0.00 | 0.00 |
| Science - Physics | 0 | 3 | 1 | 0 | 25 | 120 | 122.00 | 0 | 0 | 0.00 | 0.00 |
| Beliefs | 0 | 1 | 0 | 0 | 10 | 120 | 120.00 | 0 | 0 | 0.00 | 0.00 |
| History - European | 0 | 1 | 0 | 0 | 10 | 125 | 125.00 | 0 | 1 | 0.00 | 0.00 |
| History - World | 0 | 1 | 0 | 1 | 10 | 132 | 132.00 | 0 | 0 | 0.00 | 0.00 |
| Social Science | 0 | 1 | 1 | 0 | 5 | 127 | 127.00 | 0 | 0 | 0.00 | 0.00 |
| Literature - American | 0 | 0 | 0 | 0 | 0 | 0.00 | 0 | 0 | 0.00 | 0.00 | |
| Visual Arts | 0 | 0 | 0 | 0 | 0 | 0.00 | 0 | 0 | 0.00 | 0.00 | |
| Philosophy | 0 | 0 | 1 | 0 | -5 | 0.00 | 0 | 0 | 0.00 | 0.00 |